|
|
|
|
| LEADER |
00000nab a2200000 a 4500 |
| 001 |
vtls011103825 |
| 003 |
SK-MaSNL |
| 005 |
20260303150205.0 |
| 008 |
230222|1972 xo |||||||||||||||||slo| |
| 015 |
|
|
|a SNBRB
|
| 035 |
|
|
|a (uuid)99d0a15f-dd4c-49a7-a65b-691817960dde
|
| 035 |
|
|
|a (urnnbn)urn:nbn:sk:snk:ar-a084ds
|
| 035 |
|
|
|a urn:nbn:sk:snk-ab9a97
|
| 040 |
|
|
|a SNKBUCL
|b slo
|c SNKBUCL
|e AACR2
|
| 041 |
0 |
|
|a slo
|
| 044 |
|
|
|a xo
|c SK
|
| 100 |
1 |
|
|a Gonda, Ján,
|d 1905-1993
|4 aut
|9 37280
|
| 245 |
1 |
0 |
|a Spolupráca ústavov SAV v oblasti matematicko-fyzikálnych a technických vied s vedeckými ústavmi ZSSR
|c Ján Gonda
|
| 773 |
0 |
|
|t Svet vedy : populárnovedecký mesačník SAV a Čs. spoločnosti pre šírenie politických a vedeckých poznatkov
|g Roč. 19, č. 12 (1972), s. 655-662
|
| 954 |
|
|
|a odborná, vedecká literatúra pôvodná (slovenská)
|2 lita
|
| 958 |
|
|
|a OND
|
| 958 |
|
|
|a EUIPO
|
| 958 |
|
|
|a article13
|
| 999 |
|
|
|c 2008613
|d 2010543
|